Регионална библиотека "Любен Каравелов" - Русе

Макбет (Запис номер 423589)

MARC детайли
000 -Лидер
Контролно поле с фиксирана дължина 00936nam a2200277 a 4500
003 - Код на организацията, давaща контролен номер
Контролно поле BLK
005 - Дата и час на последна редакция
Контролно поле 20240716005339.0
008 - Елементи от данни с фиксирана дължина
fixed length control field 180409b bul|||||r ||||||| ||bul||
040 ## - Източник на каталожния запис
Идентификатор на билиотеката - собственик на записа BLK
041 ## - Код за език
Код за езика на текст/звукозапис или на отделно заглавие Български
Код за езика КДБФ Български
080 ## - УДК
Текстов определител УДК Английска литература
УДК код - определител по УДК 821.111
УДК определител -21
УДК - код + определител 821.111-21
100 1# - Редна дума - Автор
Автор Шекспир, Уилям
Дати, свързани с автора 1564 - 1616
R(LIN) 143127
139 ## - Редно поле
Редна дума Шекспир, Уилиам
Авторски знак Шек - Ш 50
245 10 - Сведения за заглавието
Заглавие Макбет
Редно поле (дума) Уилиам Шекспир; прев. Николай Вранчев.
250 ## - Област на изданието
Сведения за изданието 3 изд.
257 ## - Страна на издаване
Страна на създаване/издаване Великобритания
260 ## - Област на издателските данни
Място на издаване, разпространение и проч. София
Име на издателя, разпространителя и проч. Ралица
Година на издаване 1934
300 ## - Физическа характеристика
Страници 102 с.
Размери/Мащаб 18 см
380 ## - Жанр
Жанр Худож. лит.
490 ## - СЕРИИ (Колекции)
Име на серия Библиотека Ралица
№: серия № 24
9 (RLIN) 204751
501 ## - Забележка „подвързано към”
Забележка: Подвързано към... 1. изд. 1924
700 1# - Други автори (авторска отговорност)
Лично име Вранчев, Николай
Автороска отговорност (Описва отношението между автора и произведението) прев.
9 (RLIN) 370908
852 ## - Местоположение
Форматна сигнатура Цб 8.185.3821
999 ## - СИСТЕМНИ КОНТРОЛНИ НОМЕРА
Koha biblionumber 423589
Koha biblioitemnumber 423589
942 ## - АРТИКУЛИ
Вид на библиотечния материал Книги
Скрит в OPAC Не
Периодичен библиозапис Да
944 ## - СЪЗДАВАНЕ И РЕДАКЦИЯ на ЗАПИСА
Създаване/Редакция Създаване
Дата на регистрацията/редакция 2021-07-13
Служител, извършил регистрацията/редакцията
Статус, дата на статуса CRON CRON
Наличности
Код за отписване Код за изгубен артикул Източник на класификационната схема Код за повреда Коз за рестрикции Код за отдаване Артикулен № Име на библиотеката - собственик Име на библиотеката, в която се намира в момента Статус (Текущо местоположение) Дата на вписване в системата Местоположение - отдел Цена в лева Инвентарен номер Систематично азбучна сигнатура Баркод Цена в евро Служебен тип на артикула
  Не е изгубен Universal Decimal Classification Не е повреден само за читалня ползва се в читалня 842926 Регионална библиотека "Любен Каравелов" Русе Регионална библиотека "Любен Каравелов" Русе Хранилище 2021-07-14 Основен фонд - ползва се само за читалня 0.08 3821 Цб 8.185.3821 900000069579 0.04 Книги
Vip Innovations Ltd, Rousse, Bulgaria 2025